| 000 | 00557nam a2200181Ia 4500 | ||
|---|---|---|---|
| 001 | 20156 | ||
| 005 | 20260306172745.0 | ||
| 008 | 260306t2015||||xx |||||||||||||| ||spa|| | ||
| 041 | _aESP | ||
| 082 |
_a342.8 _bE88 |
||
| 100 |
_aEspinoza Espinoza, Juan _eAUT |
||
| 245 | 0 |
_aIntroducción al derecho privado: _blos principios contenidos en el titulo preliminar del código civil, análisis doctrinario, legislativo y jurisprudencial |
|
| 260 | _c2015 | ||
| 300 |
_a701 páginas : _c24 cm. |
||
| 650 | _aGEN | ||
| 654 | _aCDE | ||
| 942 |
_cLIB _dJUS _fJUS _2ddc _n |
||
| 999 |
_c20156 _d20156 |
||